000 00650cam a22002413a 4500
001 25417
003 PGUSA
005 20140828083539.0
008 080510s2008||||xxu|||||s|||||000 p eng d
040 _aPGUSA
_beng
042 _adc
050 4 _aPL
100 1 _aLi, He,
_d790-816
245 1 0 _a李賀詩選
_h[electronic resource] /
_cHe Li
260 _bProject Gutenberg,
_c2008
506 _aPublic domain in the USA.
516 _aElectronic text
653 _aChinese poetry -- Tang dynasty, 618-907
740 0 _aLi He shi xuan
830 0 _aProject Gutenberg
_v25417
856 4 0 _uhttp://www.gutenberg.org/ebooks/25417
942 _cEB
999 _c254672
_d254672